The environment, the establishment, and the law / (Record no. 7702)
[ view plain ]
| 000 -LEADER | |
|---|---|
| fixed length control field | 00837cam a2200277 4500 |
| 001 - CONTROL NUMBER | |
| JCCL Control Number | 7702 |
| 003 - CONTROL NUMBER IDENTIFIER | |
| JCCL marc code | BD-JhCC |
| 005 - DATE AND TIME OF LATEST TRANSACTION | |
| control field | 20181006174524.0 |
| 008 - FIXED-LENGTH DATA ELEMENTS--GENERAL INFORMATION | |
| fixed length control field | 710513s1971 mauac 000 0 eng |
| 020 ## - INTERNATIONAL STANDARD BOOK NUMBER | |
| International Standard Book Number | 039511070X |
| 035 ## - SYSTEM CONTROL NUMBER | |
| system control number | (BD-JhCC)7702 |
| 040 ## - CATALOGING SOURCE | |
| Original cataloging agency | DLC |
| Transcribing agency | DLC |
| Modifying agency | DLC |
| -- | BD-JhCC |
| 041 ## - LANGUAGE CODE | |
| Language code of Book | eng |
| 050 00 - LIBRARY OF CONGRESS CALL NUMBER | |
| Classification number | QH545.P4 |
| Item number | H4 |
| 082 00 - DEWEY DECIMAL CLASSIFICATION NUMBER | |
| Classification number | 632/.95/042 |
| Author mark and Year | HEN 1971 |
| 100 1# - MAIN ENTRY--PERSONAL NAME | |
| Personal name | Henkin, Harmon. |
| 245 14 - TITLE STATEMENT | |
| Title | The environment, the establishment, and the law / |
| Statement of responsibility, etc | [by] Harmon Henkin, Martin Merta, and James Staples. |
| 260 ## - PUBLICATION, DISTRIBUTION, ETC. (IMPRINT) | |
| Place of publication, distribution, etc | Boston, |
| Name of publisher, distributor, etc | Houghton Mifflin |
| Date of publication, distribution, etc | [1971] |
| 300 ## - PHYSICAL DESCRIPTION | |
| Pagination | vii, 223 p. |
| Other physical details | illus., ports. |
| Dimensions | 24 cm. |
| 650 #0 - SUBJECT ADDED ENTRY--TOPICAL TERM | |
| Topical term or geographic name as entry element | Pesticides |
| General subdivision | Environmental aspects. |
| 650 #0 - SUBJECT ADDED ENTRY--TOPICAL TERM | |
| Topical term or geographic name as entry element | DDT (Insecticide). |
| 700 1# - ADDED ENTRY--PERSONAL NAME | |
| Personal name | Merta, Martin, |
| 700 1# - ADDED ENTRY--PERSONAL NAME | |
| Personal name | Staples, James M., |
| 942 ## - ADDED ENTRY ELEMENTS (KOHA) | |
| Source of classification or shelving scheme | Dewey Decimal Classification |
| Koha item type | Books |
| Source of classification or shelving scheme | Damaged status | Not for loan | Home library | Current library | Shelving location | Total Checkouts | Full call number | Barcode | Date last seen | Copy number | Koha item type |
|---|---|---|---|---|---|---|---|---|---|---|---|
| Dewey Decimal Classification | JCC Rouf Library | JCC Rouf Library | General Stacks | 632/.95/042 HEN 1971 | 815 | 02/13/2018 | C -1 | Books |